<?xml version="1.0" encoding="UTF-8"?>
<collection xmlns="http://www.loc.gov/MARC21/slim">
 <record>
  <leader>00413nam a22001455a 4500</leader>
  <controlfield tag="001">EEO.bibeco005708</controlfield>
  <controlfield tag="003">AR-BaUEB</controlfield>
  <controlfield tag="005">20110412134609.0</controlfield>
  <controlfield tag="008">080718s1963####ag############000#0#spa#d</controlfield>
  <datafield tag="245" ind1="1" ind2="3">
   <subfield code="a">La batalla de la energía /</subfield>
   <subfield code="c">Henry Peyret.</subfield>
  </datafield>
  <datafield tag="260" ind1=" " ind2=" ">
   <subfield code="a">Buenos Aires :</subfield>
   <subfield code="b">Eudeba,</subfield>
   <subfield code="c">1963.</subfield>
  </datafield>
  <datafield tag="300" ind1=" " ind2=" ">
   <subfield code="a">136 p.</subfield>
  </datafield>
  <datafield tag="100" ind1="1" ind2=" ">
   <subfield code="a">Peyret, Henry.</subfield>
  </datafield>
  <datafield tag="082" ind1="0" ind2="4">
   <subfield code="a">333.79</subfield>
  </datafield>
  <datafield tag="859" ind1=" " ind2=" ">
   <subfield code="a">AR-BaUEB</subfield>
   <subfield code="b">BIB. ECONOMIA - General</subfield>
   <subfield code="h">333.79</subfield>
   <subfield code="i">P465</subfield>
   <subfield code="p">e08507</subfield>
  </datafield>
 </record>
</collection>
